Systémy ekologického managementu požadavky ISO 14000
Norma ISO 14000 ako systém ekologického manažmentu. Kedy je vhodné zaviesť v podniku štandardy ISO 14000. Špecifiká modelu ISO 14001 a kroky k jeho implementácii. Prínosy zavedenia ekologického manažmentu.
Saved in:
| Format: | Book Chapter |
|---|---|
| Language: | Czech |
| Subjects: | |
| Tags: |
No Tags, Be the first to tag this record!
|
MARC
| LEADER | 00000naa a2200000 4500 | ||
|---|---|---|---|
| 001 | r035900 | ||
| 005 | 20231002100424.3 | ||
| 041 | 0 | |a cze | |
| 044 | |a CZ | ||
| 245 | 1 | 0 | |a Systémy ekologického managementu |b požadavky ISO 14000 |
| 520 | |a Norma ISO 14000 ako systém ekologického manažmentu. Kedy je vhodné zaviesť v podniku štandardy ISO 14000. Špecifiká modelu ISO 14001 a kroky k jeho implementácii. Prínosy zavedenia ekologického manažmentu. | ||
| 610 | 2 | 0 | |a ISO 14000 |
| 610 | 2 | 0 | |a ISO 14001 |
| 610 | 2 | 0 | |a výroba ekologická |
| 610 | 2 | 0 | |a manažment |
| 610 | 2 | 0 | |a štandardizácia |
| 610 | 2 | 0 | |a rozvoj trvalo udržateľný |
| 610 | 2 | 0 | |a politika ekologická |
| 610 | 2 | 0 | |a riadenie kvality |
| 610 | 2 | 0 | |a riadenie podnikové |